The Health Psychology Reader (Record no. 7896)

MARC details
000 -LEADER
fixed length control field 01420cam a22003857a 4500
001 - CONTROL NUMBER
control field 14555889
003 - CONTROL NUMBER IDENTIFIER
control field OSt
005 - DATE AND TIME OF LATEST TRANSACTION
control field 20240415170422.0
008 - FIXED-LENGTH DATA ELEMENTS--GENERAL INFORMATION
fixed length control field 060918s2002 enka b 001 0 eng d
010 ## - LIBRARY OF CONGRESS CONTROL NUMBER
LC control number 2001132916
015 ## - NATIONAL BIBLIOGRAPHY NUMBER
National bibliography number GBA1-U8911
020 ## - INTERNATIONAL STANDARD BOOK NUMBER
International Standard Book Number 0761972706 (hbk.)
020 ## - INTERNATIONAL STANDARD BOOK NUMBER
International Standard Book Number 0761972714 (pbk.)
035 ## - SYSTEM CONTROL NUMBER
System control number (CStRLIN)NJRGA1776976-B
035 ## - SYSTEM CONTROL NUMBER
System control number (NjR)a1776976
040 ## - CATALOGING SOURCE
Original cataloging agency UKM
Transcribing agency DNLM
Modifying agency NNU
-- CStRLIN
-- DLC
042 ## - AUTHENTICATION CODE
Authentication code lccopycat
050 00 - LIBRARY OF CONGRESS CALL NUMBER
Classification number R726.7
Item number .H435 2002
082 04 - DEWEY DECIMAL CLASSIFICATION NUMBER
Classification number 610.19
Edition number 21
082 04 - DEWEY DECIMAL CLASSIFICATION NUMBER
Classification number WM100 H346d 2002
100 ## - MAIN ENTRY--PERSONAL NAME
Personal name Edited by Marks, David
9 (RLIN) 16959
245 04 - TITLE STATEMENT
Title The Health Psychology Reader
260 ## - PUBLICATION, DISTRIBUTION, ETC. (IMPRINT)
Place of publication, distribution, etc. London ;
Name of publisher, distributor, etc. SAGE Publications,
Date of publication, distribution, etc. 2002.
300 ## - PHYSICAL DESCRIPTION
Extent x, 388 p. :
Other physical details ill. ;
Dimensions 25 cm.
500 ## - GENERAL NOTE
General note Companion to: Health psychology : theory, research and practice. London ; Thousand Oaks [Calif.] : SAGE, c2002.
504 ## - BIBLIOGRAPHY, ETC. NOTE
Bibliography, etc Includes bibliographical references (p. [378]-380) and index.
650 #0 - SUBJECT ADDED ENTRY--TOPICAL TERM
Topical term or geographic name as entry element Health psychology.
9 (RLIN) 9786
650 #0 - SUBJECT ADDED ENTRY--TOPICAL TERM
Topical term or geographic name as entry element Psychiatry
9 (RLIN) 351
730 02 - ADDED ENTRY--UNIFORM TITLE
Uniform title Health psychology.
9 (RLIN) 16043
856 42 - ELECTRONIC LOCATION AND ACCESS
Materials specified Publisher description
Uniform Resource Identifier http://www.loc.gov/catdir/enhancements/fy0668/2001132916-d.html
856 41 - ELECTRONIC LOCATION AND ACCESS
Materials specified Table of contents only
Uniform Resource Identifier http://www.loc.gov/catdir/enhancements/fy0668/2001132916-t.html
906 ## - LOCAL DATA ELEMENT F, LDF (RLIN)
a 7
b cbc
c copycat
d 3
e ncip
f 20
g y-gencatlg
942 ## - ADDED ENTRY ELEMENTS (KOHA)
Source of classification or shelving scheme Dewey Decimal Classification
Koha item type Open Shelf
Holdings
Withdrawn status Lost status Source of classification or shelving scheme Damaged status Not for loan Home library Current library Date acquired Source of acquisition Inventory number Total Checkouts Full call number Barcode Date last seen Price effective from Koha item type
    Dewey Decimal Classification     MUST Main Library MUST Main Library 14/07/2022 Purchase 10/32309   WM100 h346d 2002 2022-0680 14/07/2022 14/07/2022 Open Shelf